| 000 | 01087cam a22003498a 4500 | ||
|---|---|---|---|
| 001 | 15004683 | ||
| 003 | OSt | ||
| 005 | 20140310182753.0 | ||
| 008 | 070912s2009 mau 001 0 eng | ||
| 010 | _a 2007060052 | ||
| 020 | _a9789810697327 | ||
| 040 |
_aDLC _cDLC |
||
| 050 | 0 | 0 |
_aQA 531 _b.L693 2009 |
| 082 | 0 | 0 |
_aM 516.24 _bL693 2009 |
| 100 | 1 | _aLial, Margaret L. | |
| 245 | 1 | 0 |
_aTrigonometry / _bLial, Margaret L. |
| 250 |
_a9th ed. / _bMargaret L. Lial, John Hornsby, David Schneider. |
||
| 260 |
_aBoston, Mass. : _bPearson/Addison-Wesley, _c2009 |
||
| 263 | _a1111 | ||
| 300 | _ap. cm. | ||
| 500 | _aIncludes index. | ||
| 521 | _acollege students | ||
| 526 | _c1210L-1700L | ||
| 541 | _j1 | ||
| 562 | _efor circulation. 1 copy available in the collection | ||
| 650 | 0 | _aTrigonometry. | |
| 700 | 1 | _aHornsby, E. John. | |
| 700 | 1 | _aSchneider, David I. | |
| 906 |
_a0 _bvip _corignew _d1 _eocip _f20 _gy-gencatlg |
||
| 942 |
_2lcc _cBK _kM |
||
| 999 |
_c15795 _d15795 |
||